Environmental Studies: (Record no. 182185)

MARC details
000 -LEADER
fixed length control field 00660nam a22002057a 4500
005 - DATE AND TIME OF LATEST TRANSACTION
control field 20220216111929.0
010 ## - LCCN (DPL NO)
LC control number ENG-130085
020 ## - INTERNATIONAL STANDARD BOOK NUMBER
International Standard Book Number 978-93-81332-47-4
Terms of availability 150.00
035 ## - SYSTEM CONTROL NUMBER
System control number EN-113617
037 ## - SOURCE OF ACQUISITION
Source of stock number/acquisition DBAD/PUB
082 ## - DEWEY DECIMAL CLASSIFICATION NUMBER
Classification number 363.7
100 ## - MAIN ENTRY--PERSONAL NAME
Personal name Shiva,D
245 ## - TITLE STATEMENT
Title Environmental Studies:
Statement of responsibility, etc by D. Shiva, Balaji Loganathan
250 ## - EDITION STATEMENT
Edition statement 2011
260 ## - PUBLICATION, DISTRIBUTION, ETC. (IMPRINT)
Name of publisher, distributor, etc Sree Ghomathee Publications
Date of publication, distribution, etc 2011
Place of publication, distribution, etc Chennai
270 ## - ADDRESS
Address 26/1A, Bharathi Salai, Pycrofts Road
City Chennai
Telephone number 9566571504
Postal code 600005
Electronic mail address sreeghomatheepublication@yahoo.com
300 ## - PHYSICAL DESCRIPTION
Extent 312p.
Dimensions 22cm (pbk)
700 ## - ADDED ENTRY--PERSONAL NAME
Personal name by Shiva D, by Loganatan Balaji
942 ## - ADDED ENTRY ELEMENTS (KOHA)
Source of classification or shelving scheme Dewey Decimal Classification
Item type English Books
Classification part 363.7
Call number suffix Shi
Holdings
Withdrawn status Lost status Not for loan Collection code Home library Current library Date acquired Source of acquisition Cost, normal purchase price Full call number Barcode Copy number Cost, replacement price Koha item type
      Non-fiction Ashok Vihar Ashok Vihar 27/10/2021 363.7 150.00 363.7 Shi EN-113617 1 150.00 English Books

© Delhi Public Library
Hit Counter
free hit counter